Представление документа в формате RUSMARC

ПолеНазваниеЗначение
  Тип записи a
  Библиографический уровень m
001 Контрольный номер SKBR/30b2fe6b-45a2-4bb2-90f0-459d47da4898
005 Дата корректировки 20260504111413.4
010 Индекс ISBN __
a ISBN 978-5-04-184408-0
9 Тираж 2000 экз.
b Уточнения в пер.
d Цена 1061-50
035 Другие системные номера __
a Идентификатор записи RU\NLR\BIBL_A\022052993
100 Данные общей обработки __
a Данные общей обработки 20241031d2023 m y0rusy028902 ca
101 Язык документа 0_
a Язык текста rus
102 Страна публикации __
a Страна публикации RU
105 Кодированные данные (монография) __
a Кодированные данные (монография) a z 000yy
181 Поле кодированных данных: вид содержания _0
a Код вида содержания (ISBD) i
182 Поле кодированных данных: тип средства _0
a Код типа средства (ISBD) n
200 Заглавие и сведения об ответственности 1_
a Заглавие Мистическая Россия
e Сведения, относящиеся к заглавию загадочные места и самые невероятные легенды городов, которые вы не знали
f Первые сведения об ответственности автор текста Е. В. Бондаренко
203 Вид содержания и тип средства __
a Вид содержания Текст
c Тип средства непосредственный
210 Выходные данные 1_
a Место издания Москва
c Издательство Бомбора
c Издательство Эксмо
d Дата издания 2023
215 Физическое описание __
a Объем 189, [1] с.
c Иллюстрации/тип воспроизводства фот. цв.
d Формат 27 см
225 Серия 1_
a Серия Подарочные издания
i Наименование части Туризм
i Наименование части Путешествия по России
300 Общие примечания __
a Общие примечания Автор указан в макете
330 Аннотация __
a Аннотация Приглашаем вас в необычное путешествие по удивительным и загадочным местам силы, расположенным на территории России. Отправимся в гости к духам гор, исследуем места исчезнувших цивилизаций и, конечно же, посетим древние памятники, заброшенные маяки, монастыри и даже шахты! В этой книге вы познакомитесь с мистическими достопримечательностями Архангельской области, Крыма, Екатеринбурга, Иркутска, Алтая, Калининграда, Кольского полуострова, Москвы, Санкт-Петербурга и многих других городов и республик.
540 Дополнительное заглавие, сделанное каталогизатором 10
a Дополнительное заглавие, сделанное каталогизатором Загадочные места и самые невероятные легенды городов, которые вы не знали
606 Тематические рубрики __
a Основная рубрика География
2 Код системы nlr_sh
606 Тематические рубрики __
2 Код системы nlr_sh
a Основная рубрика Страноведение
y Географическая подрубрика Россия
y Географическая подрубрика Российская Федерация
y Географическая подрубрика Чамп
y Географическая подрубрика Шумакская долина
y Географическая подрубрика Байкал
y Географическая подрубрика Ольхон
y Географическая подрубрика Телецкое озеро
y Географическая подрубрика Васюганское болото
y Географическая подрубрика Куршская коса
y Географическая подрубрика Кольский полуостров
y Географическая подрубрика Урал
y Географическая подрубрика Екатеринбург
y Географическая подрубрика Башкортостан
y Географическая подрубрика Карелия
610 Ключевые слова 0_
a Ключевые слова путешествия по России
610 Ключевые слова 0_
a Ключевые слова туризм
610 Ключевые слова 0_
a Ключевые слова мистические места
610 Ключевые слова 0_
a Ключевые слова достопримечательности России
610 Ключевые слова 0_
a Ключевые слова места силы
610 Ключевые слова 0_
a Ключевые слова тайны природы
610 Ключевые слова 0_
a Ключевые слова исторические места
610 Ключевые слова 0_
a Ключевые слова аномальные места
610 Ключевые слова 0_
a Ключевые слова природные аномалии
610 Ключевые слова 0_
a Ключевые слова памятники архитектуры
686 Индексы других классификаций __
a Классификационный индекс 26.890(2Рос)
2 Код системы rubbks
700 Автор _1
a Фамилия Бондаренко
b Имя Е. В.
4 Код отношения 070
g Полное личное имя Евгений Валерьевич
801 Источник записи _0
a Страна RU
b Организация NLR
c Дата составления 20231018
g Правила каталогизации RCR
801 Источник записи _1
a Страна RU
b Организация NLR
c Дата составления 20231018
g Правила каталогизации PSBO
801 Источник записи _2
a Страна RU
b Организация NLR
c Дата составления 20231101
2 Код формата rusmarc
g Правила каталогизации PSBO
852 Данные о местонахождении __
i Авторский знак Б 81
j Шифр хранения 26.890(2Рос)
900 Макрообъекты __
a Макрообъекты Мистическая Россия. Бондаренко, Е. В., 2023
901 Тип документа __
a Ответственный КиК/Обаева
t Тип документа m
903 Характеристики (МАРС) __
a Дата передачи 20241031
c Наименование библиотеки (МАРС) Муниципальное бюджетное учреждение культуры "Централизованная библиотечная система" г. Сургут (Центральная городская библиотека им. А. С. Пушкина)
990 Данные о заказе (DOS) __
j Количество экземпляров (DOS) 1
t N записи в КСУ для И/У (DOS) 202507